000 00691nam a2200241Ia 4500
003 OSt
005 20220926002204.0
006 a|||||r|||| 00| 0
007 ta
008 220923b |||||||| |||| 00| 0 eng d
037 _cGeneral Book
040 _aRTL
_cRTL
_beng
041 _2eng
_aeng
082 _aY48-31.237.N7, L6
100 _aNarain Iqbal
_9296506
245 0 _aRural elite in an Indian state
_b A case study of Rajasthan
260 _a New Delhi
_bManohar Book Service
_c1976
300 _axii, 256p
_ccm.
500 _aIndex:p247-56
650 _aElites
942 _hY48-31.237.N7, L6
_cGB
_2CC
999 _c604009
_d604009